000 00741nam a2200289Ia 4500
005 20260324140342.0
008 008 260324s9999 xx 000 0 eng d
020 _a9781315804941
037 _aEBOOK
040 _aCRL
040 _beng
040 _cCRL
041 _2eng
041 _aeng
084 _qCRL
100 _aElena Aragon de McKissack
_91204070
245 0 _aChicano Educational Achievement
245 0 _bComparing Escuela Tlatelolco, A Chicanocentric School, and a Public High School
260 _bTaylor and Francis
260 _c1999
365 _a
365 _b300
856 _uhttp://www.taylorfrancis.com/books/9781315804941
942 _cEBOOK
999 _c1806064
_d1806064